[Event "Bergamo op 13th"]
[Site "Bergamo"]
[Date "2014.07.20"]
[Round "5"]
[White "Allaert, Dimitri"]
[Black "Dimitrijevic, Aleksandra"]
[Result "0-1"]
[WhiteElo "2136"]
[BlackElo "2275"]
[PlyCount "42"]
[EventDate "2014.07.18"]
[EventType "swiss"]
[EventRounds "6"]
[EventCountry "ITA"]
[SourceTitle "CBM 161 Extra"]
[Source "ChessBase"]
[SourceDate "2014.08.29"]
[SourceVersion "1"]
[SourceVersionDate "2014.08.29"]
[SourceQuality "1"]

1. e4 d6 2. d4 Nf6 3. Nc3 Nbd7 4. Nf3 e5 5. g4 Nxg4 6. Rg1 exd4 7. Nxd4 Nge5 8. Bg5 Nf6 9. f4 Ng6 10. Qe2 h6 11. Bxf6 gxf6 12. Qf2 h5 13. Bd3 Bh6 14. Nde2 c6 15. e5 fxe5 16. Rxg6 fxg6 17. Bxg6+ Kd7 18. 0-0-0 Rf8 19. Qc5 Ke7 20. Qg1 Bg4 21. Kb1 Rg8 0-1

[Event "Bergamo op 13th"]
[Site "Bergamo"]
[Date "2014.07.18"]
[Round "2"]
[White "Allaert, Dimitri"]
[Black "Lagumina, Giulio"]
[Result "1-0"]
[WhiteElo "2136"]
[BlackElo "2337"]
[PlyCount "87"]
[EventDate "2014.07.18"]
[EventType "swiss"]
[EventRounds "6"]
[EventCountry "ITA"]
[SourceTitle "CBM 161 Extra"]
[Source "ChessBase"]
[SourceDate "2014.08.29"]
[SourceVersion "1"]
[SourceVersionDate "2014.08.29"]
[SourceQuality "1"]

1. Nf3 Nf6 2. d4 e6 3. Bf4 c5 4. e3 Nc6 5. Nc3 cxd4 6. exd4 Bb4 7. Bd3 0-0 8. 0-0 d5 9. h3 Bd6 10. Bxd6 Qxd6 11. Re1 a6 12. a4 Bd7 13. Na2 Rfc8 14. c3 Na5 15. Ne5 Nc4 16. Qc2 Qc7 17. Nc1 Be8 18. Nb3 a5 19. g4 g6 20. g5 Nxe5 21. dxe5 Nd7 22. Qe2 Nc5 23. Nd4 Bxa4 24. Nf3 Qe7 25. h4 Bc6 26. Nh2 h5 27. Bc2 b5 28. Nf1 b4 29. Ng3 Kg7 30. cxb4 axb4 31. Rxa8 Bxa8 32. Qd2 Qb7 33. Qf4 Nd7 34. Bd3 b3 35. Kh2 Qc7 36. Bb5 Nf8 37. Bd3 Nd7 38. Bb5 d4 39. Bxd7 Qxd7 40. Qf6+ Kg8 41. Nxh5 gxh5 42. g6 fxg6 43. Qxg6+ Kh8 44. Rg1 1-0

[Event "Leuven op 25th"]
[Site "Leuven"]
[Date "2013.11.11"]
[Round "7"]
[White "Boons, Bert"]
[Black "Allaert, Dimitri"]
[Result "1/2-1/2"]
[WhiteElo "1882"]
[BlackElo "2140"]
[PlyCount "91"]
[EventDate "2013.11.08"]
[EventType "swiss"]
[EventRounds "7"]
[EventCountry "BEL"]
[SourceTitle "EXT 2014"]
[Source "ChessBase"]
[SourceDate "2013.11.20"]
[SourceVersion "1"]
[SourceVersionDate "2013.11.20"]
[SourceQuality "1"]

1. e4 c5 2. Nf3 Nc6 3. d4 cxd4 4. Nxd4 e5 5. Nb5 d6 6. N1c3 a6 7. Na3 b5 8. Nd5 Nce7 9. Nxe7 Bxe7 10. c4 Nf6 11. Bd3 0-0 12. 0-0 Bb7 13. Qe2 Re8 14. Rd1 b4 15. Nc2 a5 16. b3 Qc8 17. f3 Nh5 18. g3 g6 19. Ne3 Bg5 20. Ng4 Qc5+ 21. Qf2 Bxc1 22. Raxc1 Rad8 23. Bc2 f6 24. Bd3 f5 25. Qxc5 dxc5 26. Nf2 f4 27. Kg2 g5 28. Bc2 Nf6 29. Nd3 Rc8 30. Rd2 g4 31. Nf2 gxf3+ 32. Kxf3 fxg3 33. hxg3 Rcd8 34. Rcd1 Rd4 35. Rxd4 cxd4 36. a3 Rf8 37. Kg2 Nd7 38. axb4 axb4 39. Kg1 Nc5 40. Ng4 Nxe4 41. Bxe4 Bxe4 42. Nxe5 Bc2 43. Rxd4 Bxb3 44. Rg4+ Kh8 45. c5 Rf5 46. Rxb4 1/2-1/2

[Event "BEL-ch U20/U18"]
[Site "Ostend"]
[Date "2008.04.01"]
[Round "2"]
[White "Allaert, Dimitri"]
[Black "Van Damme, Tonnie"]
[Result "1-0"]
[WhiteElo "2067"]
[BlackElo "1967"]
[PlyCount "30"]
[EventDate "2008.03.31"]
[EventType "swiss"]
[EventRounds "9"]
[EventCountry "BEL"]
[SourceTitle "EXT 2019"]
[Source "ChessBase"]
[SourceDate "2018.10.10"]
[SourceVersion "1"]
[SourceVersionDate "2018.10.10"]
[SourceQuality "1"]

1. e4 c5 2. Nf3 g6 3. d4 Bg7 4. Nc3 cxd4 5. Nxd4 Nc6 6. Be3 d6 7. Bc4 Nf6 8. f3 a6 9. Qd2 h5 10. 0-0-0 Qc7 11. Bb3 Nd7 12. Nd5 Qa5 13. Qxa5 Nxa5 14. Nc7+ Kf8 15. Nxa8 b5 1-0

[Event "BEL-chT 0708"]
[Site "Belgium"]
[Date "2007.12.02"]
[Round "5.7"]
[White "Van den Dikkenberg, Erik"]
[Black "Allaert, Dimitri"]
[Result "1-0"]
[WhiteElo "2135"]
[BlackElo "2031"]
[PlyCount "105"]
[EventDate "2007.09.30"]
[EventType "team-tourn"]
[EventRounds "11"]
[EventCountry "BEL"]
[SourceTitle "CBM 121 Extra"]
[Source "ChessBase"]
[SourceDate "2008.01.10"]
[SourceVersion "1"]
[SourceVersionDate "2008.01.10"]
[SourceQuality "1"]
[WhiteTeam "Boey Temse"]
[BlackTeam "KSK47 Eynatten II"]
[WhiteTeamCountry "BEL"]
[BlackTeamCountry "BEL"]

1. e4 c5 2. Nf3 Nc6 3. Nc3 e5 4. Bc4 Be7 5. 0-0 Nf6 6. d3 0-0 7. Bg5 d6 8. Bxf6 Bxf6 9. Nd2 Bg5 10. Nd5 Ne7 11. Nb1 Nxd5 12. Bxd5 Kh8 13. Nc3 g6 14. a4 Rb8 15. Ra3 f5 16. exf5 gxf5 17. Qh5 Bd7 18. Raa1 Qe7 19. Nb5 Be8 20. Qe2 a6 21. Nc3 Qg7 22. a5 Rf6 23. Rae1 Bd7 24. Qh5 Rg6 25. g3 Bd8 26. Ra1 Bf6 27. Qf3 f4 28. Kh1 Bg4 29. Qe4 Bg5 30. f3 Bh3 31. Rg1 Qh6 32. g4 Bh4 33. Bf7 Rg5 34. Nd5 Bf2 35. Rgd1 Qg7 36. Bh5 Rxh5 37. Qe2 e4 38. dxe4 Rxd5 39. Rxd5 Bd4 40. Rxd6 h5 41. Rd5 hxg4 42. Rh5+ Kg8 43. Qc4+ Kf8 44. Qe6 Qe7 45. Rf5+ Ke8 46. Qg8+ Kd7 47. Qxb8 Kc6 48. c3 gxf3 49. Qc8+ Kb5 50. cxd4 Bg2+ 51. Kg1 f2+ 52. Kxf2 Qh4+ 53. Kg1 1-0

[Event "BEL-chT 0708"]
[Site "Belgium"]
[Date "2007.10.21"]
[Round "2"]
[White "Allaert, Dimitri"]
[Black "Vandenbussche, Thibaut"]
[Result "0-1"]
[WhiteElo "2071"]
[BlackElo "2205"]
[PlyCount "82"]
[EventDate "2007.09.30"]
[EventType "team-tourn"]
[EventRounds "11"]
[EventCountry "BEL"]
[SourceTitle "CBM 120 Extra"]
[Source "ChessBase"]
[SourceDate "2007.11.01"]
[SourceVersion "1"]
[SourceVersionDate "2007.11.01"]
[SourceQuality "1"]
[WhiteTeam "KSK47 Eynatten II"]
[BlackTeam "KGSRL"]
[WhiteTeamCountry "BEL"]
[BlackTeamCountry "BEL"]

1. e4 g6 2. d4 Bg7 3. Nc3 d6 4. f4 Nc6 5. Be3 Nf6 6. h3 0-0 7. Nf3 Nh5 8. Bd3 e5 9. fxe5 dxe5 10. d5 Nd4 11. Qd2 Nxf3+ 12. gxf3 Qh4+ 13. Bf2 Qf6 14. 0-0-0 Bd7 15. Be3 Nf4 16. h4 h6 17. Ne2 c6 18. c4 Nxd3+ 19. Qxd3 cxd5 20. cxd5 Qxf3 21. Rdf1 Bb5 22. Rxf3 Bxd3 23. Ng3 f5 24. Bc5 fxe4 25. Rxd3 exd3 26. Bxf8 Rxf8 27. Kd2 Rf4 28. Rc1 Rd4 29. Rc7 Bf6 30. Rxb7 Bxh4 31. Nf1 Bg5+ 32. Kd1 Rc4 33. Nd2 Rc2 34. Nb3 Rxb2 35. Nc5 Rxa2 36. Rb8+ Kf7 37. Rb7+ Ke8 38. Rb8+ Ke7 39. Rb7+ Kd6 40. Ne4+ Kxd5 41. Nc3+ Kc6 0-1

[Event "Leuven op 19th"]
[Site "Leuven"]
[Date "2007.??.??"]
[Round "1"]
[White "Allaert, Dimitri"]
[Black "Wiley, Tom E"]
[Result "0-1"]
[WhiteElo "2070"]
[BlackElo "2330"]
[PlyCount "84"]
[EventDate "2007.11.??"]
[EventType "swiss"]
[EventRounds "7"]
[EventCountry "BEL"]
[SourceTitle "EXT 2010"]
[Source "ChessBase"]
[SourceDate "2010.11.25"]
[SourceVersion "1"]
[SourceVersionDate "2010.11.25"]
[SourceQuality "1"]

1. e4 e6 2. d4 d5 3. Nc3 Bb4 4. a3 Bxc3+ 5. bxc3 dxe4 6. Qg4 Nf6 7. Qxg7 Rg8 8. Qh6 Nbd7 9. Ne2 b6 10. Ng3 Bb7 11. Bb5 c6 12. Be2 Qe7 13. a4 c5 14. a5 0-0-0 15. axb6 axb6 16. 0-0 Ng4 17. Qf4 Qf6 18. Qd6 e5 19. Nf5 Rde8 20. Qxf6 Ngxf6 21. Nd6+ Kd8 22. Nxe8 Rxe8 23. dxe5 Nxe5 24. Bf4 Nd5 25. Bd2 f5 26. Rfd1 Rg8 27. c4 Ne7 28. Kf1 N7g6 29. Ra3 f4 30. Rh3 Rg7 31. Bc3+ Ke8 32. Rh5 Re7 33. Rd5 Nc6 34. f3 exf3 35. gxf3 Bc8 36. Kf2 Bd7 37. Kf1 Be6 38. Rd1 Bg8 39. Rg5 Re3 40. Bd2 Rxe2 41. Kxe2 Bxc4+ 42. Kf2 Nd4 0-1

[Event "Brasschaat op 06th"]
[Site "Brasschaat"]
[Date "2006.08.24"]
[Round "6"]
[White "Allaert, Dimitri"]
[Black "Dardha, Arben"]
[Result "0-1"]
[WhiteElo "1991"]
[BlackElo "2301"]
[PlyCount "54"]
[EventDate "2006.08.19"]
[EventType "swiss"]
[EventRounds "9"]
[EventCountry "BEL"]
[SourceTitle "CBM 113 Extra"]
[Source "ChessBase"]
[SourceDate "2006.09.14"]
[SourceVersion "1"]
[SourceVersionDate "2006.09.14"]
[SourceQuality "1"]

1. e4 b6 2. d4 Bb7 3. Bd3 d6 4. Nf3 g6 5. 0-0 Bg7 6. Re1 Nd7 7. c4 e5 8. d5 Ne7 9. Nc3 0-0 10. Be3 Bc8 11. Nd2 f5 12. f3 Nf6 13. b4 f4 14. Bf2 g5 15. Rc1 g4 16. c5 Ng6 17. cxd6 cxd6 18. Nb5 g3 19. hxg3 fxg3 20. Be3 Ng4 21. Rxc8 Qh4 22. Rxf8+ Rxf8 23. Nf1 Nf2 24. Nxg3 Nxd1 25. Rxd1 Qxg3 26. Bf2 Qg5 27. Bf1 Rxf3 0-1

[Event "Brasschaat op 05th"]
[Site "Brasschaat"]
[Date "2005.08.27"]
[Round "8"]
[White "Leenaerts, Kevin"]
[Black "Allaert, Dimitri"]
[Result "1/2-1/2"]
[WhiteElo "1811"]
[BlackElo "1978"]
[PlyCount "109"]
[EventDate "2005.08.20"]
[EventType "swiss"]
[EventRounds "9"]
[EventCountry "BEL"]
[SourceTitle "CBM 108 Extra"]
[Source "ChessBase"]
[SourceDate "2005.11.04"]
[SourceVersion "1"]
[SourceVersionDate "2005.11.04"]
[SourceQuality "1"]

1. e4 c5 2. Nf3 Nc6 3. d4 cxd4 4. Nxd4 g6 5. c3 Bg7 6. Be3 Nf6 7. Bd3 d5 8. Bb5 Bd7 9. exd5 Nxd5 10. Bxc6 bxc6 11. 0-0 Nxe3 12. fxe3 0-0 13. Nd2 e5 14. N4b3 Be6 15. Qe2 Qb6 16. Kh1 Bh6 17. Rfe1 a5 18. Rab1 Rfd8 19. Nf3 f6 20. Nc1 Rd7 21. b3 Rad8 22. e4 Bd2 23. Rd1 Bxc3 24. Rxd7 Rxd7 25. Qc2 Bb4 26. Nd3 Ba3 27. b4 axb4 28. Nc5 b3 29. Nxb3 Qc7 30. Qc3 Qd6 31. Na5 Bxa2 32. Ra1 Bb4 33. Qxc6 Bxa5 34. Qa8+ Qf8 35. Qxa5 Bf7 36. Qb6 Qd8 37. Qxd8+ Rxd8 38. Kg1 g5 39. Kf2 Rd1 40. h3 h5 41. g3 Be6 42. Ra6 Kf7 43. Ra7+ Rd7 44. Rxd7+ Bxd7 45. h4 g4 46. Nd2 Ke6 47. Ke3 Kd6 48. Nb1 Kc5 49. Nc3 Bc6 50. Kd3 Bb5+ 51. Ke3 Bc4 52. Nd1 Ba2 53. Nc3 Bb3 54. Kd3 Bc4+ 55. Ke3 1/2-1/2

[Event "Brasschaat op 05th"]
[Site "Brasschaat"]
[Date "2005.08.26"]
[Round "7"]
[White "Allaert, Dimitri"]
[Black "Van den Brande, Werner"]
[Result "0-1"]
[WhiteElo "1978"]
[BlackElo "2266"]
[PlyCount "60"]
[EventDate "2005.08.20"]
[EventType "swiss"]
[EventRounds "9"]
[EventCountry "BEL"]
[SourceTitle "CBM 108 Extra"]
[Source "ChessBase"]
[SourceDate "2005.11.04"]
[SourceVersion "1"]
[SourceVersionDate "2005.11.04"]
[SourceQuality "1"]

1. e4 c5 2. Nf3 e6 3. d4 cxd4 4. Nxd4 Nf6 5. Nc3 d6 6. Be3 a6 7. f3 b5 8. g4 h6 9. h4 b4 10. Nce2 e5 11. Nb3 d5 12. Ng3 Be6 13. Bh3 d4 14. Bf2 Nbd7 15. Qd2 a5 16. Nc1 Qc7 17. Nd3 Rc8 18. Rc1 g6 19. Ne2 Nc5 20. Nxc5 Bxc5 21. 0-0 Kf8 22. Kh2 Qb6 23. b3 Ra8 24. Ng3 h5 25. Qg5 Be7 26. Qxe5 hxg4 27. fxg4 Bxg4 28. Kg2 Bxh3+ 29. Kxh3 Rxh4+ 30. Kg2 Ng4 0-1

[Event "Brasschaat op 04th"]
[Site "Brasschaat"]
[Date "2004.08.23"]
[Round "3"]
[White "Possemiers, Philippe"]
[Black "Allaert, Dimitri"]
[Result "1/2-1/2"]
[WhiteElo "1535"]
[BlackElo "1687"]
[PlyCount "62"]
[EventDate "2004.08.21"]
[EventType "swiss"]
[EventRounds "9"]
[EventCountry "BEL"]
[SourceTitle "EXT 2017"]
[Source "ChessBase"]
[SourceDate "2016.10.25"]
[SourceVersion "1"]
[SourceVersionDate "2016.10.25"]
[SourceQuality "1"]

1. e4 d6 2. d4 g6 3. c4 Nf6 4. Nc3 Bg7 5. Be2 0-0 6. Nf3 Nc6 7. Be3 e5 8. dxe5 dxe5 9. Qxd8 Rxd8 10. 0-0 Bg4 11. Rad1 a6 12. h3 Bxf3 13. Bxf3 Nd4 14. Bxd4 exd4 15. Nd5 Nxd5 16. exd5 Re8 17. Rfe1 Kf8 18. Kf1 Rxe1+ 19. Rxe1 Re8 20. b3 Be5 21. g4 f6 22. Be4 Bd6 23. Bf3 Rb8 24. Re6 Kf7 25. Be4 b5 26. Bd3 bxc4 27. Bxc4 a5 28. Re4 a4 29. Rxd4 axb3 30. axb3 Ra8 31. Re4 Re8 1/2-1/2

[Event "Brasschaat op 03rd"]
[Site "Brasschaat"]
[Date "2003.08.??"]
[Round "4"]
[White "Remijsen, Dave"]
[Black "Allaert, Dimitri"]
[Result "0-1"]
[WhiteElo "1725"]
[BlackElo "1435"]
[PlyCount "64"]
[EventDate "2003.08.24"]
[EventType "swiss"]
[EventRounds "9"]
[EventCountry "BEL"]
[SourceTitle "EXT 2017"]
[Source "ChessBase"]
[SourceDate "2016.10.25"]
[SourceVersion "1"]
[SourceVersionDate "2016.10.25"]
[SourceQuality "1"]

1. e4 g6 2. d4 Bg7 3. Bc4 c6 4. Nc3 d6 5. Nf3 Nf6 6. Be3 b5 7. Bd3 0-0 8. Qd2 Nbd7 9. Bh6 Re8 10. Bxg7 Kxg7 11. 0-0 a6 12. e5 dxe5 13. dxe5 Nd5 14. Ne4 Qc7 15. e6 fxe6 16. Nfg5 N7f6 17. c4 Nf4 18. Nc5 Qd6 19. Qxf4 Qxc5 20. Rfe1 Qd6 21. Qf3 Rf8 22. cxb5 axb5 23. Bxb5 Ra5 24. Rad1 Qc7 25. Rxe6 Rxb5 26. Rxc6 Qb7 27. Rdc1 Rxg5 28. Qe3 Rf5 29. Rc7 Qb4 30. R7c4 Qd6 31. Rc6 Qe5 32. Qa7 Ng4 0-1